|
|
|
|
| LEADER |
01049cam a2200265 7i4500 |
| 001 |
0000065247 |
| 005 |
20220104090000.0 |
| 020 |
|
|
|a 9789353435059 (electronic book ; volume 1)
|
| 090 |
0 |
0 |
|a QD31.3
|b .S58 2019
|
| 100 |
1 |
|
|a Singhal, A. K
|
| 245 |
1 |
0 |
|a Complete companion for JEE main 2020 :
|b chemistry
|c A. K. Singhal, U. K. Singhal.
|
| 250 |
|
|
|a Fifth edition.
|
| 264 |
|
|
|a India:
|b Pearson India Education Services,
|c 2019.
|
| 300 |
|
|
|a 1 online resource (1 volume (various pagings)):
|b illustrations, text file, PDF.
|
| 336 |
|
|
|a text
|2 rdacontent
|
| 337 |
|
|
|a computer
|2 rdamedia
|
| 338 |
|
|
|a online resource
|2 rdacarrier
|
| 650 |
|
0 |
|a Chemistry --
|x Study and teaching (Higher)
|
| 650 |
|
0 |
|a Chemistry --
|x Problems, exercises, etc
|
| 655 |
|
0 |
|a Electronic books
|
| 700 |
1 |
|
|a Singhal, U. K.
|
| 856 |
4 |
2 |
|u http://library.unisel.edu.my/web/guest/mylibrary
|
| 997 |
|
|
|a Engineering & Life Sciences, Faculty
|b Science & Biotechnology, Department
|
| 998 |
|
|
|a Biotechnology, Degree
|
| 999 |
|
|
|a EBO0009856
|b EBOOK
|c EBOOK
|e Electronic resources
|